00570nam a2200181Ii 45000010005000000030009000050080041000140400033000550410008000880820018000961100029001142450074001432640078002173000012002953360026003073370028003333380027003618461CO-ViMGA241108s9999||||xx |||||||||||||| ||und|| aCO-ViMGAbspaerdacCO-ViMGA0 aunk04a330.9861-U58m1 aUniversidad de Antioquia10a"Memorias martes del paraninfo" :bEconomía colombiana y desarrollo 1a[Lugar de publicación no identificado] : Universidad de Antioquia, 1984 avolumen atextbtxt2rdacontent aunmediatedbn2rdamedia avolumebnc2rdacarrier